| 000 | 00477nmm a2200169Ia 4500 | ||
|---|---|---|---|
| 008 | 251105s9999||||xx |||||||||||||||||und|| | ||
| 020 | _a9788475227436 | ||
| 041 | _aspa | ||
| 100 | _aCuenca Sandoval, Mario | ||
| 245 | 0 | _aEl libro de los hundidos | |
| 264 |
_a[Madrid, España] : _bVisor Libros, _c2006 |
||
| 300 | _a56 páginas | ||
| 490 | _aVisor de Poesía | ||
| 650 | _aLatin American poetry | ||
| 856 | _uhttps://public.digitaliapublishing.com/a/76879 | ||
| 942 | _cCF | ||
| 999 |
_c85022 _d85022 |
||